Central Library OPAC University of Rajshahi

The butterfly and other stories / (Record no. 22420)

MARC details
000 -LEADER
fixed length control field 01065cam a2200289 a 4500
001 - CONTROL NUMBER
control field 22420
003 - CONTROL NUMBER IDENTIFIER
rucl marc code BD-RjUL
005 - DATE AND TIME OF LATEST TRANSACTION
control field 20211209000814.0
008 - FIXED-LENGTH DATA ELEMENTS--GENERAL INFORMATION
fixed length control field 140308s1983 cc 000 1 eng d
020 ## - INTERNATIONAL STANDARD BOOK NUMBER
International Standard Book Number 0835110214
035 ## - SYSTEM CONTROL NUMBER
System control number (BD-RjUL) 22485
040 ## - CATALOGING SOURCE
Original cataloging agency CU
Transcribing agency CU
Modifying agency DLC
-- BD-RjUL
Language of cataloging eng
041 1# - LANGUAGE CODE
Language code of text/sound track or separate title eng
Language code of original chi
082 04 - DEWEY DECIMAL CLASSIFICATION NUMBER
Classification number 895.13
Author mark and year MEB 1983
100 1# - MAIN ENTRY--PERSONAL NAME
Personal name Meng, Wang
Dates associated with a name 1934-
9 (RLIN) 69234
245 14 - TITLE STATEMENT
Title The butterfly and other stories /
Statement of responsibility, etc. Wang Meng.
250 ## - EDITION STATEMENT
Edition statement 1st ed.
260 ## - PUBLICATION, DISTRIBUTION, ETC. (IMPRINT)
Place of publication, distribution, etc. Beijing, China :
Name of publisher, distributor, etc. Chinese Literature :
-- Distributed by China Publications Centre,
Date of publication, distribution, etc. 1983.
300 ## - PHYSICAL DESCRIPTION
Pagination 239 p. ;
Size 19 cm.
490 0# - SERIES STATEMENT
Series statement Panda books
505 0# - FORMATTED CONTENTS NOTE
Formatted contents note What am I searching for -- A spate of visitors -- The butterfly -- The eyes of night -- The barber's tale -- Voices of spring -- Kite streamers -- The young newcomer in the organization department.
600 10 - SUBJECT ADDED ENTRY--PERSONAL NAME
Personal name Wang, Meng,
Dates associated with a name 1934-
General subdivision Translations into English.
651 #0 - SUBJECT ADDED ENTRY--GEOGRAPHIC NAME
Geographic name China
General subdivision Social life and customs
Form subdivision Fiction.
9 (RLIN) 67452
942 ## - ADDED ENTRY ELEMENTS (KOHA)
Source of classification or shelving scheme Dewey Decimal Classification
Koha item type Books
Holdings
Lost status Source of classification or shelving scheme Damaged status Not for loan Collection code Permanent Location Current Location Shelving location Date acquired Source of acquisition Total Checkouts Full call number Date last seen Copy number Koha item type
  Dewey Decimal Classification   Added to bundle Fiction Central Library, University of Rajshahi Central Library, University of Rajshahi Reading Room 24/10/1984 China Embaq Gift   895.13 MEB 1983 08/03/2014 C-1 Books